200 Most Popular Baby Girl Names Starting with S (2020) - Statistics

General Stats
  • This quiz has been taken 10,786 times
  • The average score is 67 of 200
Answer Stats
Name % Correct
Saira
95%
Sara
95%
Sarah
95%
Sama
89%
Samantha
86%
Sofie
81%
Sophie
81%
Sofia
78%
Sofiya
78%
Sophia
78%
Susan
78%
Sally
75%
Sandra
73%
Stefany
72%
Stephanie
72%
Sadie
67%
Selena
66%
Selina
66%
Stella
66%
Sandy
64%
Susana
63%
Susanna
63%
Susannah
63%
Suzanna
63%
Sarina
62%
Serena
62%
Savanah
60%
Savanna
60%
Savannah
60%
Sharon
60%
Siena
60%
Sienna
60%
Susie
59%
Sonia
55%
Sonya
55%
Sabrina
54%
Sierra
54%
Sonny
54%
Sunni
54%
Sunnie
54%
Sunny
54%
Scarlet
53%
Scarlett
53%
Scarlette
53%
Skarlett
53%
Sonja
53%
Sylvie
53%
Sol
52%
Stacey
52%
Stacy
52%
Shae
51%
Shai
51%
Shay
51%
Shea
51%
Skai
51%
Sky
51%
Skye
51%
Skyy
51%
Silvia
49%
Sylvia
49%
Sasha
48%
Summer
48%
Shannon
47%
Sia
47%
Siya
47%
Sidney
46%
Sydney
46%
Sheila
43%
Shaina
42%
Shayna
42%
Skylar
42%
Skyler
42%
Simone
41%
Star
41%
Starr
41%
Sage
40%
Saige
40%
Skyla
40%
Skylah
40%
Sana
39%
Sanaa
39%
Shirley
39%
Selene
38%
Serenity
36%
Sloan
36%
Sloane
36%
Shelby
35%
Samaira
34%
Samara
34%
Samarah
34%
Sapphire
33%
Sawyer
33%
Salma
31%
Selma
31%
Sailor
29%
Sayler
29%
Saylor
29%
Selah
29%
Sora
29%
Stevie
29%
Samira
28%
Samirah
28%
Shayla
28%
Sheyla
28%
Serene
26%
Serafina
24%
Seraphina
24%
Suri
24%
Sury
24%
Sabina
23%
Sabine
23%
Saraya
23%
Sariah
23%
Sariya
23%
Sariyah
23%
Serayah
23%
Shia
23%
Storm
23%
Seven
22%
Sevyn
22%
Shiloh
22%
Spencer
22%
Sybil
22%
Samaya
21%
Samia
21%
Samiya
21%
Samiyah
21%
Sarai
21%
Saray
21%
Simona
21%
Shanaya
20%
Shania
20%
Shaniya
20%
Shaniyah
20%
Sianna
20%
Stormi
20%
Stormie
20%
Stormy
20%
Sanaya
19%
Saniya
19%
Saniyah
19%
Saoirse
18%
Siobhan
18%
Soraya
18%
Shyla
17%
Sunday
17%
Sutton
17%
Sunshine
16%
Sahara
15%
Sade
14%
Scottie
14%
Safia
13%
Safiya
13%
Salem
13%
Scout
13%
Shira
13%
Stori
13%
Story
13%
Shaylee
12%
Soleil
12%
Skylynn
11%
Salome
10%
Saphira
10%
Shoshana
10%
Santana
9%
Shyanne
9%
Skylee
9%
Solana
9%
Safa
8%
Symphony
8%
Sterling
7%
Sullivan
7%
Snow
6%
Sedona
5%
Sequoia
5%
Sparrow
5%
Sherlyn
4%
Swayze
4%
Saanvi
3%
Sahana
3%
Saja
3%
Sakura
3%
Samaria
3%
Sanai
3%
Sanvi
3%
Sarahi
3%
Sidra
3%
Sinai
3%
Sumaya
3%
Sabella
2%
Scotlyn
2%
Shreya
2%
Shriya
2%
Sincere
2%
Syeda
2%
Sahasra
1%
Sahily
1%
Saisha
1%
Shaindy
1%
Swara
1%
No matching quizzes found
Score Distribution
Percent of People with Each Score
Percentile by Number Answered
Your Score History
You have not taken this quiz